000 00518nam a2200193Ia 4500
005 20250603144942.0
008 250603s9999 xx 000 0 und d
020 _a9781118234500
050 _aHF 5635 .W45/
100 _aWeil, Roman L.
245 0 _aFinancial accounting : an introduction to concepts, methods, and uses
250 _a14th ed.
260 _aMason, OH : South-Western
260 _bCengage Learning
260 _c2020
300 _a477 p
650 _aMason, OH : South-Western
942 _cBK
999 _c40438
_d40438